000 00914 a2200241 4500
001 62859
005 20260407155922.0
008 260407a1974 arg spa d
003 AR-UNSa-BCEJYS
040 _aAR-UNSa-BCEJYS
_bspa
_cAR-UNSa-BCEJYS
080 _a339.5
_xComercio exterior. Comercio Internacional
245 1 0 _aProyectos conjuntos y empresas conjuntas en la integración económica de América Latina
264 1 _aBuenos Aires :
_bBID/INTAL (Banco Interamericano de Desarrollo. Instituto para la integración de América Latina)
_c1974
300 _a258 p.
_c27 cm.
041 _aspa
942 _cBK
590 _aniveau_biblio:m niveau_hierar:0
100 1 _aBanco Interamericano de Desarrollo. Instituto para la Integración de América Latina (BID-INTAL)
700 1 _aPeña, Félix
700 1 _aCasanova, Manuel
700 1 _aCzar de Zalduendo, Susana
700 1 _aMascarenhas, Patricia
999 _c7854
_d7854